[Event "IMSA Rapid Women 2019"]
[Site "Hengshui"]
[Date "2019.05.14"]
[Round "1.9"]
[White "Lei, Tingjie"]
[Black "Stefanova, Antoaneta"]
[Result "1/2-1/2"]
[WhiteElo "2507"]
[BlackElo "2470"]
[Annotator "RC"]
[PlyCount "130"]
[EventDate "2019.05.14"]
[EventType "rapid"]
[EventCountry "CHN"]
[SourceTitle "playchess.com"]
[Source "ChessBase"]
[SourceQuality "1"]
[TimeControl "900+10"]

1. e4 {[%emt 0:00:00]} e5 {[%emt 0:00:00]} 2. Nf3 {[%emt 0:00:00]} Nc6 {[%emt 0:00:00]} 3. Bb5 {[%emt 0:00:00]} g6 {[%emt 0:00:00]} 4. O-O {[%emt 0:00:10]} Bg7 {[%emt 0:00:15]} 5. c3 {[%emt 0:01:03]} a6 {[%emt 0:01:29]} 6. Ba4 {[%emt 0:00:57]} b5 {[%emt 0:01:53]} 7. Bc2 {[%emt 0:01:44]} d6 {[%emt 0:00:18]} 8. a4 {[%emt 0:00:09]} b4 {[%emt 0:01:21]} 9. h3 {[%emt 0:01:21]} Nge7 {[%emt 0:02:14]} 10. d4 {[%emt 0:00:02]} exd4 {[%emt 0:00:25]} 11. cxd4 {[%emt 0:00:13]} O-O {[%emt 0:00:05]} 12. a5 {[%emt 0:00:10]} Kh8 {[%emt 0:00:41]} 13. d5 {[%emt 0:02:32]} Na7 {[%emt 0:01:50]} 14. Nbd2 {[%emt 0:00:28]} f5 {[%emt 0:02:45]} 15. Re1 {[%emt 0:00:12]} Nb5 {[%emt 0:00:34]} 16. Nc4 {[%emt 0:00:40]} h6 {[%emt 0:00:06]} 17. Bd2 {[%emt 0:01:40]} c5 {[%emt 0:01:06]} 18. dxc6 {[%emt 0:01:24]} fxe4 {[%emt 0:00:16]} 19. Nh2 {[%emt 0:00:18]} d5 {[%emt 0:00:24]} 20. Nb6 {[%emt 0:02:35]} Ra7 {[%emt 0:00:06]} 21. Bxb4 {[%emt 0:00:17]} Bd4 {[%emt 0:01:21]} 22. Re2 {[%emt 0:00:43]} Rf5 {[%emt 0:00:09]} 23. Qd2 {[%emt 0:00:34]} g5 {[%emt 0:00:53]} 24. Ng4 {[%emt 0:00:09]} Nxc6 {[%emt 0:00:10]} 25. Nxc8 {[%emt 0:00:22]} Qxc8 {[%emt 0:00:02]} 26. Bc3 {[%emt 0:00:56]} Nxc3 {[%emt 0:00:06]} 27. bxc3 {[%emt 0:00:02]} Bg7 {[%emt 0:00:02]} 28. Ne3 {[%emt 0:00:02]} Ne7 {[%emt 0:00:45]} 29. Nxf5 {[%emt 0:00:07]} Qxf5 {[%emt 0:00:01]} 30. Rb1 {[%emt 0:00:05]} Rc7 {[%emt 0:00:03]} 31. Re3 {[%emt 0:00:22]} Be5 {[%emt 0:00:14]} 32. f3 {[%emt 0:00:20]} Qf4 {[%emt 0:00:23]} 33. fxe4 {[%emt 0:00:03]} Bxc3 {[%emt 0:00:08]} 34. Qd3 {[%emt 0:00:13]} Be5 {[%emt 0:00:04]} 35. g3 {[%emt 0:00:30]} Qf6 {[%emt 0:00:16]} 36. Rf1 {[%emt 0:00:13]} Qd6 {[%emt 0:00:08]} 37. Bb1 {[%emt 0:00:20]} Rc3 {[%emt 0:00:08]} 38. Qxc3 {[%emt 0:00:09]} Bxc3 {[%emt 0:00:01]} 39. Rxc3 {[%emt 0:00:01]} dxe4 {[%emt 0:00:05]} 40. Kh1 {[%emt 0:00:16]} Qd5 {[%emt 0:00:19]} 41. Re3 {[%emt 0:00:03]} Nf5 {[%emt 0:00:02]} 42. Bxe4 {[%emt 0:00:14]} Nxg3+ {[%emt 0:00:04]} 43. Rxg3 {[%emt 0:00:01]} Qxe4+ {[%emt 0:00:01]} 44. Kh2 {[%emt 0:00:04]} Qe2+ {[%emt 0:00:06]} 45. Kg1 {[%emt 0:00:02]} Qe5 {[%emt 0:00:06]} 46. Rgf3 {[%emt 0:00:03]} Qxa5 {[%emt 0:00:04]} 47. Rf6 {[%emt 0:00:06]} Kg7 {[%emt 0:00:05]} 48. Rc6 {[%emt 0:00:13]} Qb5 {[%emt 0:00:18]} 49. Rfc1 {[%emt 0:00:03]} a5 {[%emt 0:00:08]} 50. R1c5 {[%emt 0:00:27]} Qb1+ {[%emt 0:00:03]} 51. Kf2 {[%emt 0:00:02]} a4 {[%emt 0:00:12]} 52. Ra5 {[%emt 0:00:17]} Qb2+ {[%emt 0:00:35]} 53. Ke3 {[%emt 0:00:06]} Qb3+ {[%emt 0:00:12]} 54. Ke2 {[%emt 0:00:01]} Qb7 {[%emt 0:00:21]} 55. Raa6 {[%emt 0:00:16]} Qb2+ {[%emt 0:00:17]} 56. Kd3 {[%emt 0:00:04]} Qb3+ {[%emt 0:00:04]} 57. Ke4 {[%emt 0:00:09]} Qb4+ {[%emt 0:00:12]} 58. Kd5 {[%emt 0:00:12]} Qb5+ {[%emt 0:00:19]} 59. Kd4 {[%emt 0:00:02]} Qb4+ {[%emt 0:00:02]} 60. Kd5 {[%emt 0:00:12]} Qb5+ {[%emt 0:00:04]} 61. Kd4 {[%emt 0:00:56]} Qb4+ {[%emt 0:00:24]} 62. Kd3 {[%emt 0:00:02]} Qb3+ {[%emt 0:00:10]} 63. Ke4 {[%emt 0:00:09]} Qb4+ {[%emt 0:00:12]} 64. Ke5 {[%emt 0:00:05]} Qb5+ {[%emt 0:00:06]} 65. Kd4 {[%emt 0:00:21]} Qb4+ {[%emt 0:00:12]} 1/2-1/2

[Event "IMSA Rapid Women 2019"]
[Site "Hengshui"]
[Date "2019.05.14"]
[Round "1.10"]
[White "Ushenina, Anna"]
[Black "Muzychuk, Mariya"]
[Result "1/2-1/2"]
[WhiteElo "2442"]
[BlackElo "2563"]
[Annotator "RC"]
[PlyCount "172"]
[EventDate "2019.05.14"]
[EventType "rapid"]
[EventCountry "CHN"]
[SourceTitle "playchess.com"]
[Source "ChessBase"]
[SourceQuality "1"]
[TimeControl "900+10"]

1. d4 {[%emt 0:00:00]} d5 {[%emt 0:00:00]} 2. c4 {[%emt 0:00:15]} c6 {[%emt 0:00:00]} 3. Nf3 {[%emt 0:00:04]} Nf6 {[%emt 0:00:00]} 4. Nc3 {[%emt 0:00:35]} e6 {[%emt 0:00:09]} 5. Qd3 {[%emt 0:00:07]} Nbd7 {[%emt 0:02:04]} 6. g3 {[%emt 0:00:12]} Bd6 {[%emt 0:00:42]} 7. Bg2 {[%emt 0:00:08]} dxc4 {[%emt 0:01:46]} 8. Qxc4 {[%emt 0:00:03]} e5 {[%emt 0:00:04]} 9. O-O {[%emt 0:02:24]} exd4 {[%emt 0:00:19]} 10. Qxd4 {[%emt 0:01:21]} Bc5 {[%emt 0:00:00]} 11. Qh4 {[%emt 0:02:37]} O-O {[%emt 0:00:11]} 12. Rd1 {[%emt 0:02:57]} Qe7 {[%emt 0:03:23]} 13. Nd4 {[%emt 0:00:17]} Ne5 {[%emt 0:01:54]} 14. Bg5 {[%emt 0:00:27]} Neg4 {[%emt 0:00:43]} 15. Ne4 {[%emt 0:00:26]} h6 {[%emt 0:00:29]} 16. Bxf6 {[%emt 0:00:35]} Nxf6 {[%emt 0:00:04]} 17. Nxf6+ {[%emt 0:00:39]} Qxf6 {[%emt 0:00:02]} 18. Qxf6 {[%emt 0:00:01]} gxf6 {[%emt 0:00:01]} 19. h3 {[%emt 0:00:11]} Be6 {[%emt 0:00:18]} 20. Nxe6 {[%emt 0:00:14]} fxe6 {[%emt 0:00:01]} 21. Rd7 {[%emt 0:00:02]} Rf7 {[%emt 0:00:08]} 22. Rad1 {[%emt 0:00:04]} Raf8 {[%emt 0:00:05]} 23. Bf3 {[%emt 0:00:21]} Rxd7 {[%emt 0:00:13]} 24. Rxd7 {[%emt 0:00:01]} Rf7 {[%emt 0:00:01]} 25. Rd3 {[%emt 0:00:19]} f5 {[%emt 0:00:43]} 26. e3 {[%emt 0:00:04]} Kg7 {[%emt 0:00:21]} 27. Bh5 {[%emt 0:00:10]} Re7 {[%emt 0:00:05]} 28. Rd8 {[%emt 0:00:05]} Bb6 {[%emt 0:00:07]} 29. Rb8 {[%emt 0:00:09]} Rd7 {[%emt 0:01:16]} 30. Be8 {[%emt 0:01:00]} Re7 {[%emt 0:00:04]} 31. b3 {[%emt 0:00:26]} Kf6 {[%emt 0:00:23]} 32. Kf1 {[%emt 0:00:37]} e5 {[%emt 0:01:00]} 33. Bh5 {[%emt 0:00:09]} Kg7 {[%emt 0:00:03]} 34. Be2 {[%emt 0:00:13]} Rd7 {[%emt 0:00:11]} 35. Re8 {[%emt 0:00:19]} Kf6 {[%emt 0:01:09]} 36. Bc4 {[%emt 0:00:14]} Re7 {[%emt 0:00:08]} 37. Rf8+ {[%emt 0:00:07]} Kg6 {[%emt 0:00:01]} 38. Bd3 {[%emt 0:00:12]} e4 {[%emt 0:00:10]} 39. Bc4 {[%emt 0:00:02]} Bc7 {[%emt 0:00:14]} 40. a4 {[%emt 0:00:09]} a6 {[%emt 0:00:02]} 41. g4 {[%emt 0:01:11]} fxg4 {[%emt 0:00:18]} 42. hxg4 {[%emt 0:00:14]} Bd6 {[%emt 0:00:26]} 43. Rg8+ {[%emt 0:00:24]} Kf6 {[%emt 0:00:06]} 44. Kg2 {[%emt 0:00:41]} Re5 {[%emt 0:00:34]} 45. Rh8 {[%emt 0:00:23]} Kg6 {[%emt 0:00:08]} 46. Rd8 {[%emt 0:00:05]} Be7 {[%emt 0:00:17]} 47. Rd7 {[%emt 0:00:13]} b5 {[%emt 0:00:13]} 48. axb5 {[%emt 0:00:04]} cxb5 {[%emt 0:00:31]} 49. Be2 {[%emt 0:00:07]} Kf6 {[%emt 0:00:03]} 50. Ra7 {[%emt 0:00:09]} Re6 {[%emt 0:00:02]} 51. Kh3 {[%emt 0:00:30]} Bb4 {[%emt 0:00:15]} 52. Rh7 {[%emt 0:00:17]} Kg6 {[%emt 0:00:03]} 53. Rd7 {[%emt 0:00:18]} Be1 {[%emt 0:00:11]} 54. Kg2 {[%emt 0:00:09]} Rf6 {[%emt 0:00:10]} 55. f4 {[%emt 0:00:02]} exf3+ {[%emt 0:00:02]} 56. Bxf3 {[%emt 0:00:01]} Re6 {[%emt 0:00:04]} 57. Rd3 {[%emt 0:00:23]} a5 {[%emt 0:00:08]} 58. Bd5 {[%emt 0:00:11]} Ra6 {[%emt 0:00:44]} 59. Be4+ {[%emt 0:00:07]} Kf6 {[%emt 0:00:07]} 60. Rd1 {[%emt 0:00:12]} Bc3 {[%emt 0:00:45]} 61. Bd3 {[%emt 0:00:06]} Rb6 {[%emt 0:00:47]} 62. Rf1+ {[%emt 0:00:15]} Kg7 {[%emt 0:00:02]} 63. Rc1 {[%emt 0:00:11]} Bd2 {[%emt 0:00:13]} 64. Rc7+ {[%emt 0:00:02]} Kf6 {[%emt 0:00:03]} 65. Kf3 {[%emt 0:00:01]} Re6 {[%emt 0:00:28]} 66. Be4 {[%emt 0:00:14]} Ra6 {[%emt 0:00:19]} 67. Ke2 {[%emt 0:00:35]} Bb4 {[%emt 0:00:07]} 68. Rb7 {[%emt 0:00:06]} Re6 {[%emt 0:00:10]} 69. Kf3 {[%emt 0:00:12]} Re5 {[%emt 0:00:16]} 70. Rb6+ {[%emt 0:00:10]} Kg7 {[%emt 0:00:04]} 71. Kf4 {[%emt 0:00:16]} Rc5 {[%emt 0:00:20]} 72. Rg6+ {[%emt 0:00:15]} Kf7 {[%emt 0:00:00]} 73. Rxh6 {[%emt 0:00:04]} a4 {[%emt 0:00:01]} 74. bxa4 {[%emt 0:00:02]} bxa4 {[%emt 0:00:01]} 75. Ra6 {[%emt 0:00:02]} Ra5 {[%emt 0:00:19]} 76. Rxa5 {[%emt 0:00:47]} Bxa5 77. Kf5 {[%emt 0:00:08]} a3 {[%emt 0:00:23]} 78. Bd5+ {[%emt 0:00:01]} Kg7 {[%emt 0:00:11]} 79. e4 {[%emt 0:00:06]} Bc3 {[%emt 0:00:11]} 80. Ba2 {[%emt 0:00:05]} Bd4 {[%emt 0:00:11]} 81. e5 {[%emt 0:00:21]} Bc3 {[%emt 0:00:01]} 82. Bb1 {[%emt 0:00:04]} Bd4 {[%emt 0:00:06]} 83. Ke6 {[%emt 0:00:09]} Kh6 {[%emt 0:00:34]} 84. Kf5 {[%emt 0:00:08]} Bxe5 {[%emt 0:00:07]} 85. Kxe5 {[%emt 0:00:06]} Kg5 {[%emt 0:00:01]} 86. Kd4 {[%emt 0:00:01]} Kxg4 {[%emt 0:00:01]} 1/2-1/2

[Event "IMSA Rapid Women 2019"]
[Site "Hengshui"]
[Date "2019.05.14"]
[Round "1.11"]
[White "Kosteniuk, Alexandra"]
[Black "Harika, Dronavalli"]
[Result "1-0"]
[WhiteElo "2546"]
[BlackElo "2492"]
[Annotator "TA"]
[PlyCount "63"]
[EventDate "2019.05.14"]
[EventType "rapid"]
[EventCountry "CHN"]
[SourceTitle "playchess.com"]
[Source "ChessBase"]
[SourceQuality "1"]

{[%evp 18,189,21,16,8,0,12,0,27,39,38,42,49,41,48,41,43,14,56,0,88,25,18,27,16,36,33,12,17,0,0,0,0,0,0,0,0,0,0,-239,-241,-663,-688,-613,59,77,70,56,43,0,0,0,174,175,245,233,275,266,246,123,243,102,261,71,71,71,71,71,71,71,71,0,0,0,71,71,102,102,127,128,125,125,125,126,130,133,133,83,91,83,83,83,83,75,68,68,81,68,68,68,87,21,68,68,76,58,88,88,91,91,97,79,177,177,220,185,202,202,202,202,661,625,610,625,684,658,610,578,708,708,623,705,697,680,666,584,592,564,553,206,206,206,568,560,664,205,543,0,600,584,847,816,985,929,1432,1379,1285,1255,1141,1083,985,793,941,941,29969,12850,29979,29978,29980,29982,29981,29981,29972,29972]} 1. c4 f5 2. d4 Nf6 3. Nf3 g6 4. g3 Bg7 5. Bg2 O-O 6. O-O d6 7. Nc3 Qe8 8. d5 Na6 {[%cal Bb8a6,Ba6c5,Bc5e4][%mdl 32]} 9. Nd4 Nc5 10. b4 Nfe4 {A87: Dutch Defence: Leningrad System: 5 Nf3} 11. Nxe4 Nxe4 12. Bb2 c5 {The position is equal.} 13. dxc6 bxc6 14. f3 Nf6 15. Nb3 $146 ({Predecessor:} 15. a4 Bd7 16. b5 Nh5 17. bxc6 Bxc6 18. c5 {0-1 (40) Banikas,H (2490)-Dao,T (2580) Calicut 1998}) 15... Rb8 16. Qd2 a6 17. e4 Be6 18. Rac1 (18. Nd4 $14 Bf7 19. exf5) 18... Qf7 (18... fxe4 $1 $11 {remains equal.} 19. fxe4 Qd7) 19. e5 (19. Na5 $16) 19... Nd7 $11 20. exd6 Bxb2 21. Qxb2 exd6 22. Na5 c5 23. a3 f4 $36 {[%mdl 2048] Black is pushing.} 24. Qd2 Ne5 25. Qxd6 Nxc4 26. Nxc4 Bxc4 27. Rfe1 {Threatens to win with Re7.} cxb4 28. Re4 $2 (28. axb4 $11 Rbd8 29. Qe7) 28... b3 $1 $19 {[%cal Bb4b3,Bb3b2][%mdl 32]} 29. Rxf4 $2 (29. Rexc4 b2 30. Rc7 bxc1=Q+ 31. Rxc1) 29... b2 30. Rb1 Qxf4 $2 (30... Qa7+ $19 31. Kh1 Rxf4 32. gxf4 Qb6) 31. gxf4 $14 Ba2 32. Rd1 {Played: Rb1xb2} 1-0

[Event "IMSA Rapid Women 2019"]
[Site "Hengshui"]
[Date "2019.05.14"]
[Round "1.12"]
[White "Bodnaruk, Anastasia"]
[Black "Gunina, Valentina"]
[Result "0-1"]
[WhiteElo "2431"]
[BlackElo "2506"]
[Annotator "TA"]
[PlyCount "86"]
[EventDate "2019.05.14"]
[EventType "rapid"]
[EventCountry "CHN"]
[SourceTitle "playchess.com"]
[Source "ChessBase"]
[SourceQuality "1"]

{[%evp 13,86,27,32,20,18,0,0,0,0,0,0,-4,8,8,17,0,0,0,0,0,2,0,45,0,7,0,48,8,62,17,41,15,18,18,36,-23,-12,-58,-74,-58,-53,-158,-147,-138,-141,-214,-198,-190,-193,-229,-187,-366,-329,-584,-575,-574,-570,-556,-562,-562,-562,-674,-660,-762,-707,-699,-643,-795,-711,-1390,-1386,-1170,-1045,-861,-808]} 1. e4 c6 2. d4 d5 3. e5 Bf5 4. Nf3 e6 5. Be2 Nd7 6. O-O h6 7. c3 Ne7 8. Nbd2 {B12: Caro-Kann: Advance Variation} a5 9. Ne1 c5 $146 ({Predecessor:} 9... a4 10. Bd3 c5 11. Ndf3 g5 12. Bb5 Nc6 13. dxc5 Qa5 14. Nd4 Bg6 15. Nec2 Bxc2 16. Qxc2 Bxc5 17. Bxc6 bxc6 {½-½ (59) Kryvoruchko,Y (2705)-Donchenko,A (2587) Brest 2018}) 10. Ndf3 {The position is equal.} Nc6 11. Bd3 Bxd3 12. Nxd3 Be7 13. Be3 {[%cal Rd4c5]} cxd4 14. cxd4 O-O 15. Nd2 Qb6 16. Qg4 {Threatens to win with Bxh6.} Kh7 17. Nf4 Qxb2 18. Rfb1 Qc2 $1 19. Rxb7 Rfd8 20. Nh5 {[%csl Gh5][%cal Rg4g7]} Qg6 (20... g6 $11) 21. Qxg6+ Kxg6 22. Nf4+ Kh7 23. Rc1 Rac8 24. Kf1 (24. Nd3 $14) 24... Ndxe5 $11 25. Nxe6 fxe6 26. dxe5 Ba3 $36 {[%mdl 2048] Black is pushing.} 27. Re1 (27. Rcb1 $15) 27... d4 $1 $17 {[%cal Rd4e3]} ({Don't do} 27... Nxe5 28. Bxh6 $1 {[%mdl 512]} Rd7 29. Rxd7 $11) 28. Bf4 {[#]} Nb4 $1 29. Bg3 (29. Rd1 $17) 29... Nxa2 $19 30. Bh4 {[#]} Rd5 $1 31. Ne4 {With the idea Nf6+.} Kg6 32. f4 $2 (32. Be7 {only move.} Bb4 33. Bxb4 Nxb4 34. Nd6) 32... d3 33. g4 $2 (33. Be7 d2 34. Nxd2 Bxe7 35. Rxe7 Rxd2 36. Rxe6+ Kf7 37. Ra6) 33... d2 {Black is clearly winning.} 34. f5+ exf5 35. gxf5+ Kxf5 36. Nxd2 Rxd2 37. e6 Rxh2 38. e7 Re8 39. Rb5+ Kg6 40. Rxa5 Rxh4 41. Rxa3 Rh1+ 42. Kf2 Rxe1 43. Kxe1 Rxe7+ {Accuracy: White = 42%, Black = 71%.} 0-1

[Event "IMSA Rapid Women 2019"]
[Site "Hengshui"]
[Date "2019.05.14"]
[Round "1.13"]
[White "Abdumalik, Zhansaya"]
[Black "Krush, Irina"]
[Result "1-0"]
[WhiteElo "2464"]
[BlackElo "2422"]
[Annotator "TA"]
[PlyCount "85"]
[EventDate "2019.05.14"]
[EventType "rapid"]
[EventCountry "CHN"]
[SourceTitle "playchess.com"]
[Source "ChessBase"]
[SourceQuality "1"]

{[%evp 12,85,45,43,39,45,42,33,32,35,26,29,37,21,26,14,36,0,10,5,0,-7,0,-7,0,0,0,0,0,0,0,0,-9,-18,0,0,0,0,0,0,0,0,58,0,0,0,21,8,27,11,28,30,95,85,139,129,409,369,319,306,550,541,977,967,941,941,29965,6429,29984,29977,29967,5712,29986,29987,29987,29988]} 1. e4 c5 2. Nf3 d6 3. d4 cxd4 4. Nxd4 Nf6 5. Nc3 Nc6 6. Bg5 Qb6 7. Be3 {Strongly threatening Nxc6.} a6 {B60: Sicilian: Richter-Rauzer: Unusual Black 6th moves and 6...Bd7 without 7 Qd2} 8. Nxc6 Qxc6 9. f3 $146 ({Predecessor:} 9. Nd5 Nd7 10. b4 b5 11. a4 Rb8 12. axb5 axb5 13. Ra7 e6 14. c4 Bb7 15. cxb5 Qc8 16. Nb6 Nxb6 17. Bxb6 Be7 18. Bd3 d5 19. O-O dxe4 20. Be2 O-O 21. Qa1 Ra8 {½-½ (21) Gashimov,V (2565)-Miroshnichenko,E (2599) Dubai 2004}) 9... g6 {White is slightly better.} 10. Qd2 Bg7 11. g4 Be6 12. O-O-O Rc8 13. Kb1 b5 14. a3 h5 15. g5 Nd7 {[%cal Rg7c3]} 16. Nd5 Ne5 17. Be2 Nc4 18. Bxc4 $1 Qxc4 19. Rhe1 Bxd5 20. exd5 O-O 21. f4 {[#]} a5 $1 {[%mdl 512]} 22. Qd3 (22. Qxa5 Qxc2+) 22... a4 23. Bc1 Rfe8 24. Re4 Qxd3 25. Rxd3 f5 26. Rb4 Rb8 (26... Rc5 $1 $11) 27. c4 ({Better is} 27. b3 $1 $14) 27... bxc4 $11 28. Rxc4 e5 29. dxe6 Rxe6 30. Rb4 Rc8 {White must now prevent ...Re1!} 31. Be3 Rce8 {[#]} (31... Ra8 $1 $11) 32. Bd4 $1 $16 Re4 ({Black should try} 32... Ra8) 33. Bxg7 Rxb4 $4 {[%mdl 8192]} (33... Kxg7 $16 {is a better defense.} 34. Rxd6 R8e7) 34. axb4 $18 Kxg7 35. Rxd6 $16 {[%mdl 4096] Endgame KR-KR} Re4 $2 {[#]} (35... Rb8 {keeps fighting.}) 36. b5 $1 $18 {[%cal Bb4b5,Bb5b6,Bb6b7][%mdl 32]} Rb4 37. b6 Kf7 38. Ka2 Rxf4 39. Ka3 {Threatening mate with b7.} Re4 40. b7 Re8 41. Rf6+ (41. Rb6 $142 Rb8 42. Kxa4 Ke7 43. Ka5 h4 44. Ka6 f4 45. Ka7 Rxb7+ 46. Kxb7) 41... Kg7 42. Rc6 Rb8 43. Rc7+ {Accuracy: White = 82%, Black = 29%.} 1-0

[Event "IMSA Rapid Women 2019"]
[Site "Hengshui"]
[Date "2019.05.14"]
[Round "1.14"]
[White "Paehtz, Elisabeth"]
[Black "Tan, Zhongyi"]
[Result "0-1"]
[WhiteElo "2470"]
[BlackElo "2513"]
[Annotator "TA"]
[PlyCount "92"]
[EventDate "2019.05.14"]
[EventType "rapid"]
[EventCountry "CHN"]
[SourceTitle "playchess.com"]
[Source "ChessBase"]
[SourceQuality "1"]

{[%evp 15,92,2,0,0,0,-17,-17,-28,-21,-25,-14,-34,-17,-13,20,27,31,21,25,30,47,0,77,0,28,-43,-39,-38,-5,-44,-19,-9,-15,-14,0,0,0,0,0,0,0,-16,0,-62,-50,-205,-202,-208,-220,-210,-199,-220,-220,-228,-228,-228,-224,-357,-221,-222,0,-34,0,-227,0,-543,-205,-202,-197,-195,-202,-480,-420,-719,-716,-708,-685,-744,-735]} 1. d4 Nf6 2. Nf3 d5 3. Bf4 e6 4. e3 c5 5. Nbd2 Nc6 6. c3 Bd6 7. Bg3 O-O 8. Bd3 b6 9. e4 {[#] Black must now prevent e5. D02: 1 d4 d5 2 Nf3 sidelines, including 2...Nf6 3 g3 and 2...Nf6 3 Bf4} Be7 10. e5 Nh5 11. a3 {The position is equal.} a5 12. Qe2 Ra7 13. O-O {[#]} Nxg3 $146 ({Predecessor:} 13... c4 14. Bc2 b5 15. h4 g6 16. Bh2 Bxh4 {½-½ (40) Grischuk,A (2774)-Nakamura,H (2816) Skopje 2015}) 14. hxg3 f5 15. exf6 gxf6 16. Rfe1 Bd6 17. Bb5 Rc7 18. Nf1 Na7 {[#]} (18... c4 $11) 19. Bd3 (19. Ba6 $1 $16) 19... Rg7 20. b4 (20. c4 $11) 20... c4 $15 (20... cxb4 $6 21. axb4 axb4 22. c4 $14) 21. Bc2 Bd7 22. bxa5 bxa5 23. a4 Nc6 24. Rab1 Re8 25. Ne3 Qc7 26. Nh4 f5 27. Qh5 {[%cal Re3f5]} Rf8 $1 28. Nf1 Ne7 29. f4 (29. Nf3 $11) 29... Ng6 30. Nxg6 $2 ({Better is} 30. Nd2 $15) 30... hxg6 $19 (30... Rxg6 31. Re3 $17) 31. Qf3 g5 32. fxg5 Rxg5 33. Re3 Rf6 34. Rbe1 Kg7 35. Qe2 Rfg6 36. Rf3 (36. Qd2 {was called for.}) 36... Bc8 (36... Bxg3 $2 37. Nxg3 Rxg3 38. Ref1 $19) 37. Rb1 Kf6 $2 ({Don't play} 37... Bxg3 38. Nxg3 Rxg3 39. Rxg3 $17) (37... Rh5 $19 38. Qd2 Kg8) 38. Ne3 $1 $15 {aiming for Bxf5!} Kg7 $2 (38... Qd8 $15 39. g4 Qh8) 39. Nf1 $1 $19 Bd7 $2 ({But not} 39... Bxg3 40. Nxg3 Rxg3 41. Rxg3 $17) ({Black should play} 39... Rh5 $19 {Strongly threatening ...Bd7.} 40. Qd2 Kf8) 40. Qe3 $2 {[%mdl 8192]} (40. Re1 $1 $11 {and White has nothing to worry.}) 40... Bxg3 $2 (40... e5 {Hoping for ...e4.} 41. Kh1 e4) 41. Nxg3 Rxg3 42. Rxg3 Qxg3 ({Don't take} 42... Rxg3 43. Qd2 $17) 43. Qxg3 $2 (43. Qe2 Kf7 44. Rb7) 43... Rxg3 {KRB-KRB} 44. Rb7 (44. Bxf5 $142 Rxc3 45. Kf2) 44... Kf6 {Black is clearly winning.} 45. Bd1 Rxc3 46. Rxd7 Rc1 {Accuracy: White = 44%, Black = 50%.} 0-1

[Event "IMSA Rapid Women 2019"]
[Site "Hengshui"]
[Date "2019.05.14"]
[Round "1.15"]
[White "Dzagnidze, Nana"]
[Black "Zhao, Xue"]
[Result "1-0"]
[WhiteElo "2510"]
[BlackElo "2485"]
[Annotator "TA"]
[PlyCount "53"]
[EventDate "2019.05.14"]
[EventType "rapid"]
[EventCountry "CHN"]
[SourceTitle "playchess.com"]
[Source "ChessBase"]
[SourceQuality "1"]

{[%evp 11,53,23,34,-5,30,29,32,-1,31,34,43,24,140,148,153,123,295,102,190,177,176,170,229,216,223,211,396,394,470,327,339,337,336,311,540,393,375,366,2355,972,29987,29988,29988,29989]} 1. e4 e6 2. d4 d5 3. Nc3 Nf6 4. Bg5 dxe4 5. Nxe4 Be7 6. Bxf6 gxf6 7. c3 {C13: French: Classical System: 4 Bg5 Be7, Alekhine-Chatard Attack} h5 $146 ({Predecessor:} 7... f5 8. Ng3 c5 9. d5 Qxd5 10. Qxd5 exd5 11. Bd3 Nc6 12. Bxf5 Be6 13. N1e2 O-O-O 14. Rd1 Kb8 {1-0 (39) Jobava,B (2685)-Repka,C (2524) Batumi 2018}) 8. Nf3 h4 9. Bd3 {White is slightly better.} b6 10. Qe2 Bb7 11. O-O-O h3 (11... Qd5 $11) 12. g4 $1 $16 Nd7 13. Rhg1 Nf8 $2 (13... Bd6 $16 {is a better defense.}) 14. Ba6 $2 (14. g5 $18 {is more deadly.}) 14... Qd5 (14... Bxa6 $16 15. Qxa6 Qd5) 15. Bxb7 $18 Qxb7 16. g5 $1 {[%cal Rg5f6]} f5 {[#]} (16... fxg5 {keeps fighting.} 17. d5 (17. Nexg5 Bxg5+ 18. Nxg5 Qd5 $16) (17. Nfxg5 Qd5 $16) 17... O-O-O) 17. Nf6+ $1 Bxf6 18. gxf6 {Threatens to win with d5.} Rh6 $2 (18... Qe4 {might work better.} 19. Qb5+ Nd7) 19. Ne5 Qd5 20. c4 Qe4 21. Qd2 Rxf6 22. Qg5 Nh7 $2 (22... Rg6 23. Nxg6 Nxg6) 23. Qh5 Qf4+ 24. Kb1 Qh6 $2 (24... Nf8 25. Rg8 (25. Qxh3 Ng6 $16) 25... a5) 25. Rg8+ (25. Qf3 $142 Rg6 26. Qxa8+ {[%mdl 64] Double Attack} Ke7 27. Nc6+ Kd7 28. Ne5+ Ke7 29. Nc6+ Kd6 {[#]} 30. c5+ $1 {[%mdl 512]} Kd7 31. cxb6) 25... Nf8 26. Qf3 Rc8 27. Qb7 {Accuracy: White = 58%, Black = 16%.} 1-0